[Event "It (open)"]
[Site "Charleroi (Belgium)"]
[Date "2012.07.30"]
[Round "3"]
[White "Grobelny Fabrice (BEL)"]
[Black "Van Mechelen Jan (BEL)"]
[Result "0-1"]
[WhiteElo "1961"]
[BlackElo "2247"]

1.c4 g6 2.Nc3 Bg7 3.g3 e5 4.Bg2 d6 5.d3 Nc6 6.e3 Be6 7.Nge2 Qd7 8.Nd5 Nd8
9.Rb1 c6 10.Ndc3 a5 11.a3 Ne7 12.b4 axb4 13.axb4 Bh3 14.Bxh3 Qxh3 15.Ng1 Qd7
16.Nge2 Ne6 17.e4 O-O 18.O-O f5 19.f3 Rf7 20.Kg2 Raf8 21.Qa4 Kh8 22.b5 Nc5
23.Qc2 Ng8 24.Ra1 Bh6 25.Bxh6 Nxh6 26.h3 Qe7 27.Ra7 Qg5 28.Qc1 Qh5 29.Qe3 Ne6
30.bxc6 bxc6 31.Rxf7 Nxf7 32.g4 Qh4 33.Qf2 Qh6 34.f4 fxg4 35.hxg4 exf4 36.Rh1
Qg7 37.Kf1 f3 {#R} 0-1

[Event "It \"]
[Site "Helsingor (Denmark)"]
[Date "2012.07.30"]
[Round "4"]
[White "Grand Hans-Henrik (DEN)"]
[Black "Larsen Ulrik (DEN)"]
[Result "1-0"]
[WhiteElo "2144"]
[BlackElo "2010"]

1.c4 g6 2.g3 Bg7 3.Bg2 d6 4.Nc3 e5 5.d3 Nc6 6.e4 Nf6 7.Nge2 Be6 8.Nd5 Qd7
9.Bg5 Ng4 10.h3 h6 11.Bd2 Nf6 12.Be3 O-O-O 13.Qd2 Ne8 14.O-O-O Kb8 15.Kb1 f5
16.exf5 gxf5 17.f4 e4 18.dxe4 fxe4 19.g4 h5 20.f5 Bxd5 21.cxd5 Ne5 22.Bd4 hxg4
23.hxg4 Rxh1 24.Rxh1 Nxg4 25.Qg5 Nef6 26.Bh3 Bh6 27.Qh4 Qxf5 28.Bxf6 e3+
29.Ka1 Qxf6 30.Bxg4 Bg5 31.Qh3 Qe5 32.Qf3 Bf6 33.Nc3 Rg8 34.Rf1 Bh8 35.Be6 Re8
36.Qf7 Rd8 37.Qe7 {#r} 1-0

[Event "Tournament (open)"]
[Site "Vecindario (Spain)"]
[Date "2012.08.13"]
[Round "1"]
[White "De La Hoz Sanchez Ruben"]
[Black "Agejas Garcia Diego"]
[Result "1-0"]
[WhiteElo "1964"]
[BlackElo "1380"]

1.g3 g6 2.Bg2 Bg7 3.c4 e5 4.Nc3 Nc6 5.d3 d6 6.Nf3 Nge7 7.a3 a5 8.Rb1 Qd7 9.b4
axb4 10.axb4 O-O 11.b5 Nd8 12.Qc2 Ne6 13.O-O Nc5 14.e3 Qf5 15.Ne1 Qf6 16.Ne4
Nxe4 17.Bxe4 Rb8 18.Bb2 Bf5 19.Bg2 Qe6 20.e4 Bh3 21.f4 Bxg2 22.Nxg2 f5 23.Rbe1
fxe4 24.Rxe4 Nf5 25.fxe5 Bxe5 26.d4 Nxd4 27.Bxd4 Rxf1+ 28.Kxf1 Qf6+ 29.Rf4
Bxf4 30.Bxf6 {#r} 1-0

[Event "It \"]
[Site "www.chessplanet.ru"]
[Date "2012.08.14"]
[Round "0"]
[White "Timofeev Artyom (RUS)"]
[Black "Andriasian Zaven (ARM)"]
[Result "0-1"]
[WhiteElo "2641"]
[BlackElo "2600"]

1.c4 e5 2.d3 Nc6 3.Nc3 g6 4.g3 Bg7 5.Bg2 d6 6.Rb1 a5 7.a3 Nf6 8.e3 O-O 9.Nge2
h5 10.h3 Be6 11.Nd5 Rb8 12.Nec3 Qd7 13.b4 axb4 14.axb4 Ne7 15.Nxe7+ Qxe7
16.O-O Qd7 17.Kh2 c6 18.b5 d5 19.Ba3 Rfd8 20.cxd5 cxd5 21.Na4 b6 22.Nc3 d4
23.exd4 exd4 24.Ne2 Nd5 25.Qd2 Nc3 26.Rb2 Nxb5 27.Bb4 Rbc8 28.Nf4 Nc3 29.Nxe6
Qxe6 30.Re1 Qd7 31.Re7 Qf5 32.Qe1 Bf8 33.Re5 Qf6 34.Bxf8 Rxf8 35.Rxb6 Qxb6
{#R} 0-1

[Event "It \"]
[Site "Los Angeles (USA)"]
[Date "2012.08.15"]
[Round "2"]
[White "Harmon Carl Honor (USA)"]
[Black "Wheeler Cameron (USA)"]
[Result "0-1"]
[WhiteElo "1840"]
[BlackElo "2065"]

1.c4 e5 2.Nc3 Nc6 3.g3 g6 4.Bg2 Bg7 5.d3 d6 6.e4 f5 7.Nge2 Nf6 8.O-O O-O 9.h3
Be6 10.Be3 fxe4 11.Nxe4 Nxe4 12.Bxe4 Bxh3 13.Re1 Qd7 14.Rb1 a5 15.Qb3 Rab8
16.Qb5 Bf5 17.Bd5+ Kh8 18.Red1 Ne7 19.Qxa5 Nxd5 20.Qxd5 Bg4 {#R} 0-1

[Event "Ch Autonomico"]
[Site "Zaragoza (Spain)"]
[Date "2012.08.26"]
[Round "2"]
[White "Garza Marco Sergio (ESP)"]
[Black "Palacin Algas Angel"]
[Result "1-0"]
[WhiteElo "2446"]
[BlackElo "1972"]

1.c4 e5 2.g3 Nc6 3.Bg2 g6 4.Nc3 Bg7 5.d3 d6 6.e4 f5 7.Nge2 h6 8.O-O Nf6 9.exf5
Bxf5 10.h3 O-O 11.Be3 Be6 12.Qd2 Kh7 13.Nd5 Ne7 14.Nxe7 Qxe7 15.Rac1 Qd7
16.Kh2 d5 17.f4 d4 18.Bg1 Nh5 19.Rce1 e4 20.dxe4 Bxc4 21.e5 g5 22.Qc2+ d3
23.Qxc4 dxe2 24.Qxe2 Qf7 25.fxg5 {#r} 1-0

[Event "Olympiad"]
[Site "Istanbul (Turkey)"]
[Date "2012.08.29"]
[Round "2"]
[White "Meza MartInez Alcides Ivan"]
[Black "Massana Jorge (ISV)"]
[Result "0-1"]
[WhiteElo "2187"]
[BlackElo "2186"]

1.c4 g6 2.g3 Bg7 3.Bg2 e5 4.Nc3 d6 5.d3 Nc6 6.e4 Nge7 7.Nge2 O-O 8.O-O f5
9.Be3 Nd4 10.Qd2 fxe4 11.dxe4 Nf3+ 12.Bxf3 Rxf3 13.Kg2 Rf7 14.f3 Be6 15.b3 Qd7
16.Ng1 b6 17.a4 Nc6 18.Nce2 Na5 19.Qd3 Rd8 20.Bg5 Rdf8 21.Bd2 Nc6 22.Bc3 Bh6
23.a5 Rf6 24.axb6 axb6 25.h3 R6f7 26.Ra3 Qe7 27.Ra2 Qd7 28.g4 Bg5 29.Bd2 Bxd2
30.Qxd2 h5 31.Rfa1 hxg4 32.hxg4 Bxg4 33.fxg4 Rf2+ 34.Kg3 Qh7 {#R} 0-1

[Event "It (open)"]
[Site "Paington (England)"]
[Date "2012.09.02"]
[Round "1"]
[White "Coburn Joseph A (ENG)"]
[Black "Dilleigh Steve (ENG)"]
[Result "0-1"]
[WhiteElo "1792"]
[BlackElo "2079"]

1.c4 g6 2.Nc3 Bg7 3.g3 e5 4.Bg2 Nc6 5.d3 d6 6.Nf3 Nf6 7.a3 a5 8.Rb1 O-O 9.O-O
Nd4 10.Be3 Nf5 11.Bg5 h6 12.Bd2 Re8 13.e4 Ne7 14.Qc1 Kh7 15.c5 Bg4 16.Be3 Bxf3
17.Bxf3 dxc5 18.Bxc5 Qxd3 19.Be2 Qd7 20.Rd1 Qc8 21.Bc4 Kg8 22.Qc2 Nd7 23.Be3
Nc6 24.Qd2 Nd4 25.Bxd4 exd4 26.Qf4 Ne5 27.Rxd4 c5 28.Bxf7+ Nxf7 29.Rd5 Ne5
30.Rbd1 Qh3 31.g4 Rf8 32.Qg3 Qxg3+ 33.hxg3 Nxg4 34.Rxc5 Rac8 35.Rxa5 Bxc3
36.bxc3 Rxc3 37.Rd7 h5 38.Rxb7 Rc1+ 39.Kg2 Rxf2+ {#R} 0-1

[Event "Olympiad"]
[Site "Istanbul (Turkey)"]
[Date "2012.09.03"]
[Round "6"]
[White "Bachmann Axel (PAR)"]
[Black "Shirov Alexei (LAT)"]
[Result "0-1"]
[WhiteElo "2556"]
[BlackElo "2706"]

1.c4 e5 2.Nc3 Nc6 3.g3 g6 4.Bg2 Bg7 5.d3 d6 6.Rb1 a5 7.a3 f5 8.e4 Nf6 9.Nge2
O-O 10.O-O f4 11.gxf4 Nh5 12.Nd5 exf4 13.Nexf4 Nxf4 14.Bxf4 Rxf4 15.Nxf4 Qh4
16.Ne2 Bg4 17.h3 Bxh3 18.Bxh3 Qxh3 19.Nf4 Qh4 20.Ng2 Qh3 21.Nf4 Qh4 22.Ng2 Qh6
23.Qg4 Rf8 24.Qh4 Qd2 25.Rbd1 Qxb2 26.Rb1 Qxa3 27.Rxb7 Nd4 28.Ne1 Qc5 29.Kg2
Qc6 30.Rb1 a4 31.f4 a3 32.Rf2 Qa8 33.Ra2 Ne6 34.Rb3 Nxf4+ 35.Kh1 Bb2 36.Nc2
Qa4 37.Na1 Nxd3 {#R} 0-1

[Event "Ch Romania (team) (juniors) (under 14)"]
[Site "Mamaia (Romania)"]
[Date "2012.09.03"]
[Round "1"]
[White "Puscasu Gabriel"]
[Black "Tiron Lucian-Ilie"]
[Result "0-1"]
[WhiteElo "1744"]
[BlackElo "1896"]

1.c4 e5 2.g3 Nc6 3.Bg2 d6 4.Nc3 g6 5.d3 Bg7 6.Nf3 f5 7.O-O Nf6 8.Bg5 O-O 9.Qd2
Ne7 10.Qc2 h6 11.Bd2 c6 12.Ne1 g5 13.e3 Kh8 14.f4 gxf4 15.exf4 Ng6 16.Qc1 exf4
17.Bxf4 Nxf4 18.Qxf4 Qb6+ 19.Qf2 Qxf2+ 20.Rxf2 Ng4 21.Rc2 Bd4+ 22.Kh1 Nf2+
23.Kg1 Nxd3+ 24.Kh1 Nxb2 25.Ne2 Bg7 26.Nf4 Re8 27.Rac1 Be6 28.Nf3 Na4 29.Re2
Bf7 30.Rd2 Rad8 31.Nh4 Nb6 32.Nxf5 Nxc4 33.Rdd1 Ne3 34.Nxe3 Rxe3 35.Rd2 Rde8
36.Rf1 Bc4 37.Rc1 d5 {#R} 0-1

[Event "Memorial Kesarovski - Stanchev (open)"]
[Site "Sunny Beach (Bulgaria)"]
[Date "2012.09.04"]
[Round "4"]
[White "Taylor Robert Graham (WLS)"]
[Black "Panbukchian Valentin (BUL)"]
[Result "0-1"]
[WhiteElo "1950"]
[BlackElo "2347"]

1.c4 e5 2.Nc3 Nc6 3.g3 g6 4.Bg2 Bg7 5.d3 d6 6.e3 Nge7 7.Nge2 h5 8.a3 Be6 9.b4
Qd7 10.Nd5 e4 11.d4 Nxd5 12.cxd5 Bxd5 13.Nf4 Bc4 14.Bxe4 d5 15.Bf3 O-O-O
16.Bb2 Rhe8 17.Qd2 Ne7 18.O-O-O Nf5 19.Nd3 f6 20.Kb1 Nd6 21.Qc2 Bh6 22.Nc5 Qf7
23.Qa4 Kb8 24.Rhe1 {#R} 0-1

[Event "Cup Grunwald"]
[Site "Dadaj (Poland)"]
[Date "2012.09.19"]
[Round "5"]
[White "Wojcieszyn Zdzislaw (POL)"]
[Black "Mackowiak Marek (POL)"]
[Result "0-1"]
[WhiteElo "1944"]
[BlackElo "2160"]

1.c4 e5 2.Nc3 Nc6 3.g3 g6 4.Bg2 Bg7 5.d3 d6 6.Nf3 Nf6 7.O-O O-O 8.h3 h6 9.Kh2
Kh7 10.Rb1 a5 11.a3 Be6 12.b4 axb4 13.axb4 e4 14.Ne1 exd3 15.exd3 Ng4+ 16.hxg4
Bxc3 17.b5 Ne5 18.Bxb7 Bxg4 19.Qc2 Bxe1 20.Rxe1 Rb8 21.Be4 f5 22.Bd5 f4 23.Bb2
Nf3+ 24.Bxf3 Bxf3 25.Qc3 Rf7 26.d4 fxg3+ 27.fxg3 Qg5 28.Rf1 Qh5+ 29.Kg1 Qh1+
30.Kf2 Qg2+ {#R} 0-1

[Event "Cup Russia (open)"]
[Site "Vladivostok (Russia)"]
[Date "2012.09.24"]
[Round "8"]
[White "Starkov Dmitry (RUS)"]
[Black "Pavlovskiy Mikhail (RUS)"]
[Result "0-1"]
[WhiteElo "1983"]
[BlackElo "2252"]

1.c4 e5 2.g3 Nc6 3.Bg2 d6 4.Nc3 g6 5.d3 Bg7 6.Nf3 Nge7 7.O-O O-O 8.Ne1 Bd7
9.Nc2 Qc8 10.Bh1 f5 11.f4 Kh8 12.Be3 exf4 13.gxf4 Be6 14.Rb1 Qd7 15.Nd5 Bf7
16.Nxe7 Qxe7 17.Qe1 Rfe8 18.b4 a6 19.a4 Qd7 20.Bf2 d5 21.Ne3 dxc4 22.dxc4 Rab8
23.b5 axb5 24.axb5 Nd4 25.Rd1 Qd6 26.Rd2 Qxf4 27.Rxd4 Bxd4 28.Nxf5 gxf5 {#R}
0-1